2023 Disc Golf Pro Tour MPO Winners - Statistics

Yleistilastot
  • Tätä visaa on pelattu 9 kertaa
  • Keskiarvotulos 17 / 29
Vastaustilastot
Event Nationality Manufacturer Champion % Oikein
Beaver State Fling DGPT-Silver USA Discmania Eagle McMahon
86%
Discmania Open DGPT-Silver USA Discmania Eagle McMahon
86%
The Open at Austin DGPT USA Prodigy Gannon Buhr
86%
Blue Ridge Championship DGPT-Silver USA Prodigy Gannon Buhr
86%
Des Moines Challenge DGPT USA Prodigy Gannon Buhr
86%
Kansas City Wide Open DGPT-Silver USA Prodigy Gannon Buhr
86%
Open at Idlewild DGPT USA Prodigy Gannon Buhr
86%
PCS Open DGPT USA Discraft Paul McBeth
86%
Cascade Challenge DGPT-Silver USA Dynamic Discs Ricky Wysocki
86%
The Preserve Championship DGPT USA Dynamic Discs Ricky Wysocki
86%
Disc Golf Pro Tour Championship DGPT-C USA Dynamic Discs Ricky Wysocki
86%
Music City Open DGPT Germany Discmania Simon Lizotte
71%
Great Lakes Open DGPT Germany Discmania Simon Lizotte
71%
Las Vegas Challenge DGPT USA Innova Calvin Heimburg
57%
Texas State Disc Golf Championships DGPT-Silver USA Innova Calvin Heimburg
57%
Jonesboro Open DGPT USA Innova Calvin Heimburg
57%
European Open Major USA Corey Ellis
57%
American Flying Disc Open DGPT-Silver USA Prodigy Ezra Robinson
57%
PDGA Champions Cup Major USA Prodigy Isaac Robinson
57%
PDGA Professional Disc Golf World Championships Major USA Prodigy Isaac Robinson
57%
WACO DGPT USA Discmania Kyle Klein
57%
United States Disc Golf Championship Major USA Discmania Kyle Klein
57%
MVP Open DGPT Playoffs USA Westside Discs Matthew Orum
57%
Portland Open DGPT USA Discraft Adam Hammes
29%
Ledgestone Open DGPT USA DGA Cole Redalen
29%
OTB Open DGPT USA Lone Star Emerson Keith
14%
Dynamic Discs Open DGPT USA Prodigy Parker Welck
14%
Mid America Open DGPT-Silver USA Discraft Andrew Presnell
0%
Zoo Town Open DGPT-Silver USA Evan Scott
0%
Ehtoja vastaavia visoja ei löytynyt
Tulosjakauma
Jokaisen tuloksen saaneiden osuus
Persentiili vastausten määrän mukaan
Tuloshistoriasi
Et ole pelannut tätä visaa